Asamiya natak aru pasatya prasanga (Record no. 2573)
[ view plain ]
| 000 -LEADER | |
|---|---|
| fixed length control field | 00504cam a2200193ua 4500 |
| 001 - CONTROL NUMBER | |
| control field | 2725 |
| 005 - DATE AND TIME OF LATEST TRANSACTION | |
| control field | 20260515113549.0 |
| 008 - FIXED-LENGTH DATA ELEMENTS--GENERAL INFORMATION | |
| fixed length control field | 110908n ii |||gr||||Z||||||asm |
| 040 ## - CATALOGING SOURCE | |
| Transcribing agency | MAIN |
| 082 ## - DEWEY DECIMAL CLASSIFICATION NUMBER | |
| Classification number | 891.4512 |
| 100 ## - MAIN ENTRY--PERSONAL NAME | |
| Personal name | Pathak, Dayananda, |
| 245 11 - TITLE STATEMENT | |
| Title | Asamiya natak aru pasatya prasanga |
| Statement of responsibility, etc. | by Dayananda Pathak |
| 250 ## - EDITION STATEMENT | |
| Edition statement | 1st. |
| 260 ## - PUBLICATION, DISTRIBUTION, ETC. | |
| Place of publication, distribution, etc. | Guahati: |
| Name of publisher, distributor, etc. | Lawyers book stall,996. |
| 300 ## - PHYSICAL DESCRIPTION | |
| Extent | 114p: |
| Dimensions | 23cm. |
| 653 ## - INDEX TERM--UNCONTROLLED | |
| Uncontrolled term | Assamese drama |
| 653 ## - INDEX TERM--UNCONTROLLED | |
| Uncontrolled term | Asamiya natak aru pasatya prasanga |
| 942 ## - ADDED ENTRY ELEMENTS (KOHA) | |
| Koha item type | Books |
| Withdrawn status | Lost status | Damaged status | Not for loan | Home library | Current library | Shelving location | Date acquired | Total checkouts | Full call number | Barcode | Date last seen | Copy number | Price effective from | Koha item type | Date last checked out |
|---|---|---|---|---|---|---|---|---|---|---|---|---|---|---|---|
| Naharkatiya College Library | Naharkatiya College Library | General stacks | 09/19/2020 | 891.4512 | PAT | 8615 | 09/19/2020 | 2 | 09/19/2020 | Books | ||||||
| Naharkatiya College Library | Naharkatiya College Library | General stacks | 09/19/2020 | 1 | 891.4512 | PAT | 8616 | 10/05/2024 | 1 | 09/19/2020 | Books | 09/30/2024 |